|
|
|
|
| LEADER |
00000nam a22000007a 4500 |
| 005 |
20220920020722.0 |
| 007 |
cr|||| |||| |
| 008 |
220920c20129999co mr|w s|||| 0|||b1spa d |
| 022 |
|
|
|a 2322-6307
|
| 035 |
|
|
|a 37210
|
| 040 |
|
|
|a vLex
|
| 090 |
|
|
|c 13974
|d 13974
|
| 245 |
0 |
0 |
|a Amazona̕ Investiga
|h [Recurso electrn̤ico] /
|
| 256 |
|
|
|a Servicio en ln̕ea
|
| 260 |
|
|
|a Florencia:
|b Universidad de la Amazona̕,
|c 2012 -
|
| 300 |
|
|
|a 1 recurso electrn̤ico
|
| 310 |
|
|
|a Mensual
|
| 362 |
|
|
|a Nð 1-1 (Jul. 2012) -
|
| 506 |
1 |
|
|a Disponible solo en los productos indicados
|d vLex Global
|d vLex Global (Academic Edition, excluding Law Schools)
|d vLex Global (U.S. Academic Edition, Law Schools)
|d vLex Global (U.S. Academic Edition, excluding Law Schools)
|d vLex Global (Academic Edition, Law Schools)
|
| 650 |
0 |
4 |
|a Derecho del Medio Ambiente
|z Colombia
|
| 740 |
0 |
|
|a vLex Revistas (Servicio en ln̕ea)
|
| 856 |
4 |
0 |
|u https://app.vlex.com/#/sources/37210
|z Acceso restringido
|
| 942 |
|
|
|c REV
|
| 999 |
0 |
|
|a Environmental Law
|